| 000 | 01717nam a2200529 i 4500 | ||
|---|---|---|---|
| 001 | 41799 | ||
| 003 | KOSZ 005 | ||
| 005 | 20220606115359.0 | ||
| 008 | 020930s2002 pl a |000 0 pol | ||
| 015 | _aUWD 2002/16267 | ||
| 020 | _a8386627719 | ||
| 035 | _a991019498859705066 | ||
| 035 | _a(PL-WaBN)b1528346x-48omnis_nlop | ||
| 035 | _ab1528346x | ||
| 035 | _a(OCoLC)830365764 | ||
| 035 | _a(PL)b0000001528346 | ||
| 035 | _a(EXLNZ-48OMNIS_NETWORK)9910371131905606 | ||
| 040 |
_aWA N _cWA N _dKOSZ 005/HR |
||
| 041 | 0 | _apol | |
| 045 | _bd2002 | ||
| 046 | _k2002 | ||
| 080 | _a349.44(438) | ||
| 080 | _a351.077.3(438) | ||
| 080 | _a(075.8) | ||
| 100 | 1 |
_aĆwik, Stefan _d(1944- ) _eAutor |
|
| 245 | 1 | 0 |
_aUstawodawstwo budowlane w praktycznym podejściu do procesu inwestycyjnego / _cStefan Ćwik. |
| 250 | _aStan prawny - lipiec 2002 r. | ||
| 260 |
_aSzczecin : _b"PoNaD", _c2002. |
||
| 300 |
_a189, [1] s. : _bil. ; _c24 cm. |
||
| 336 |
_aTekst _btxt _2rdacontent |
||
| 337 |
_aBez urządzenia pośredniczącego _bn _2rdamedia |
||
| 338 |
_aWolumin _bnc _2rdacarrier |
||
| 380 | _aKsiążki | ||
| 388 | _a2001- | ||
| 504 | _aBibliogr., akty prawne. | ||
| 650 | 7 |
_aBudownictwo _2DBN |
|
| 650 | 7 |
_aPlanowanie przestrzenne _2DBN |
|
| 650 | 7 | _aPrawo budowlane | |
| 650 | 7 | _aPrawo zagospodarowania przestrzennego | |
| 650 | 7 |
_aPostępowanie administracyjne _2DBN |
|
| 651 | _aPolska | ||
| 655 | 7 |
_aPodręczniki akademickie _2DBN |
|
| 658 | _aPrawo i wymiar sprawiedliwości | ||
| 856 |
_uhttp://koha.tu.koszalin.pl/cgi-bin/koha/opac-detail.pl?biblionumber=41799 _yKatalog online BPK |
||
| 942 |
_2UKD _cKS |
||
| 999 |
_c41799 _d41799 |
||